[Event "Rohde op 06th"]
[Site "Sautron"]
[Date "2006.11.04"]
[Round "9"]
[White "Monroy, Charles"]
[Black "Shirazi, Kamran"]
[Result "0-1"]
[WhiteElo "2394"]
[BlackElo "2406"]
[Annotator "RR"]
[PlyCount "88"]
[EventDate "2006.10.28"]
[EventType "swiss"]
[EventRounds "9"]
[EventCountry "FRA"]
[SourceTitle "EXT 2007"]
[Source "ChessBase"]
[SourceDate "2006.11.23"]
[SourceVersion "1"]
[SourceVersionDate "2006.11.23"]
[SourceQuality "1"]

1. e4 d6 2. d4 Nf6 3. Nc3 Nbd7 4. g4 $5 h6 5. h3 e5 6. Nge2 h5 $5 $146 ({RR} 
6... c6 {RR} 7. Bg2 (7. a4 Be7 8. Bg2 O-O 9. O-O Re8 10. Be3 Nh7 11. f4 exf4
12. Bxf4) 7... b5 8. a3 Bb7 9. O-O a5 10. d5 Be7 11. dxc6 Bxc6 12. Nd5 Nxd5 13.
exd5 Bb7 14. f4 O-O 15. fxe5 Nxe5 16. Nd4 Bf6 17. Kh1 b4 18. axb4 axb4 19. Rxa8
Bxa8 20. Nc6 Nxc6 21. dxc6 Be5 {Shirazi,K (2389)-Milliet,S (2299)/Vandoeuvre
2004/CBM 104 ext/1/2-1/2 (31)}) (6... c6 {Bedouin,X (2342)-Egreteau,E (2037)
Rohde op 6th 2006 (1.14) 1-0}) 7. g5 Nh7 8. h4 {[%cal Gg5g6] assure un bon
avantage d'espace} (8. g6 $1 {Peut-être la réfutation ratée de la nouveauté
"h5"} fxg6 9. Rg1 $36 g5 $2 10. Nf4 $3 Ndf6 (10... gxf4 11. Qxh5+ Ke7 12. Nd5+
Ke6 13. Qf5#) 11. Ng6) 8... g6 9. f4 exf4 10. Nxf4 Bg7 11. Be3 c6 12. Qd2 Nb6
13. O-O-O $16 Bg4 14. Re1 O-O 15. Bd3 Re8 16. Rhf1 Nf8 17. Kb1 Qe7 18. Nce2
Rac8 19. Bg1 Nbd7 20. Ng3 Qd8 21. Bc4 d5 22. Bb3 Nb6 23. Qg2 Ne6 24. Nxe6 (24.
e5 c5) 24... Bxe6 25. e5 a5 26. c3 Qd7 27. Rf4 a4 28. Bc2 Nc4 29. Bxa4 Ra8 30.
Bb3 b5 31. Be3 Reb8 32. Bd2 c5 33. Qf2 Qa7 34. Bc1 b4 35. cxb4 Rxb4 36. dxc5
Bxe5 37. Rxe5 Rxb3 38. axb3 Qa2+ 39. Kc2 Nxe5 40. Bd2 $4 {une gaffe de zeitnot
mais les noirs étaient mieux} d4 41. Rf3 Rb8 42. b4 Qc4+ 43. Kb1 Ra8 44. b3 Qa6
{La seule défaite du rennais dans ce tournoi.} 0-1

[Event "Plancoet op-A 10th"]
[Site "Plancoet"]
[Date "2013.08.01"]
[Round "6"]
[White "Bryzgalin, Kirill"]
[Black "Konguvel, Ponnuswamy"]
[Result "1/2-1/2"]
[WhiteElo "2470"]
[BlackElo "2319"]
[Annotator "RR"]
[PlyCount "81"]
[EventDate "2013.07.28"]
[EventType "swiss"]
[EventRounds "9"]
[EventCountry "FRA"]
[SourceTitle "EXT 2017"]
[Source "ChessBase"]
[SourceDate "2016.10.25"]
[SourceVersion "1"]
[SourceVersionDate "2016.10.25"]
[SourceQuality "1"]
[TimeControl "40/5400+30:1800+30"]

1. d4 Nf6 2. Nf3 g6 3. Nbd2 Bg7 4. e4 d6 5. Bd3 O-O 6. O-O c5 7. c3 cxd4 8.
cxd4 Nc6 9. d5 (9. h3 e5 10. d5 Nb4 11. Bb1 a5 12. Ne1 Nh5 13. a3 {1/2-1/2 (13)
Bryzgalin,K (2490)-Seger,R (2378) Pardubice 2012}) 9... Nb4 10. Bc4 a5 11. Re1
Bd7 12. a3 Na6 13. h3 $146 (13. Nb3 Ba4 14. Qe2 Bxb3 15. Bxb3 Nc5 16. Bc2 Nfd7
17. Rb1 a4 18. Be3 Qa5 19. h4 h5 20. Ng5 Qa6 21. Qd1 Qc4 22. Nf3 Rfc8 23. Bd4
Ne5 24. Nxe5 Bxe5 25. Bxe5 dxe5 26. Qd2 Kg7 27. Rbd1 Rc7 28. Re3 Rac8 29. Rc3
Qb5 30. Rb1 Nd7 31. Qd1 Nc5 32. g4 hxg4 33. Qxg4 Nb3 34. Bxb3 Rxc3 35. Bc2 {
1-0 (35) Meduna,E (2485)-Jirovsky,P (2245) Prague 1994}) 13... Nc5 14. e5 dxe5
15. Nxe5 Ba4 16. Qf3 Qd6 17. Nf1 Nfd7 18. Nxd7 Nxd7 19. Bf4 Qf6 20. b3 b5 21.
Be2 Bxb3 $132 22. Bxb5 Nb6 23. Qxb3 Qxf4 24. Rad1 a4 25. Qa2 Nc8 26. Qc2 Nd6
$11 27. Bc6 Ra7 28. Qc5 Nc8 29. Rd3 Qc7 30. Rb1 Nd6 31. Qb4 Qc8 32. Ne3 Qa6 33.
Rdd1 Rd8 34. g3 h5 35. h4 Bh6 36. Qd4 Bg7 37. Qd3 Qxd3 38. Rxd3 Ne4 39. Rb4 Nc5
40. Rd1 Be5 41. Kf1 1/2-1/2

[Event "Tata Steel-A 77th"]
[Site "Wijk aan Zee"]
[Date "2015.01.20"]
[Round "9"]
[White "Saric, Ivan"]
[Black "Van Wely, Loek"]
[Result "1/2-1/2"]
[WhiteElo "2666"]
[BlackElo "2667"]
[Annotator "RR"]
[PlyCount "183"]
[EventDate "2015.01.10"]
[EventType "tourn"]
[EventRounds "13"]
[EventCountry "NED"]
[EventCategory "20"]
[SourceTitle "CBM 165"]
[Source "ChessBase"]
[SourceDate "2015.03.11"]
[SourceVersion "1"]
[SourceVersionDate "2015.03.11"]
[SourceQuality "1"]

1. e4 d6 2. d4 Nf6 3. Nc3 g6 4. Be3 Bg7 5. Qd2 c6 6. Nf3 O-O 7. h3 b5 8. Bd3
Nbd7 9. O-O Qc7 10. Ne2 e5 11. dxe5 Nxe5 12. Nxe5 dxe5 13. a4 Be6 14. axb5 cxb5
15. Qa5 Rfc8 16. Qxc7 Rxc7 17. Nc3 Bc4 18. Ra5 Bxd3 19. cxd3 b4 20. Na2 Bf8 21.
Rc1 Rd7 22. Rc6 Nh5 23. Nc1 Ng7 24. Kf1 Ne6 25. Ke2 Bh6 26. Rc4 Bf8 27. g3 h5
28. b3 Bd6 29. Na2 Rad8 30. Nxb4 Bxb4 31. Rxb4 Rxd3 32. Rxe5 a6 33. Ra5 R3d6
34. Kf1 Kg7 35. Rb7 Nd4 36. Bf4 R6d7 37. Rb6 Nf3 38. g4 Rd1+ 39. Kg2 R8d3 40.
Be3 Ne1+ 41. Kg3 h4+ 42. Kxh4 Ng2+ 43. Kg5 Nxe3 44. fxe3 Rxe3 45. e5 Rxh3 46.
Rbxa6 Re1 47. Rf6 Rhe3 48. Kf4 Re4+ 49. Kf3 R1e3+ 50. Kf2 Rxb3 51. Ra7 Kh6 52.
Raxf7 Rxe5 53. Rc6 Re4 54. g5+ Kh5 55. Rf3 Rb2+ 56. Kf1 Rh4 57. Rf2 Rh1+ 58.
Kg2 Rbb1 59. Kg3 Rh4 60. Rc5 Rg1+ 61. Kf3 Rh3+ 62. Ke2 Ra1 63. Rc8 Rg3 64. Rc5
Kg4 65. Rd5 Rb3 66. Rg2+ Kh3 67. Rf2 Kg4 68. Rg2+ Kh3 69. Rf2 Kh4 70. Rf4+ Kh5
71. Rf2 Rg3 72. Rh2+ Kg4 73. Rf2 Rgg1 74. Ke3 Ra3+ 75. Ke2 Kg3 76. Rd2 Rh1 77.
Rc2 Rh8 78. Kf1 Rh1+ 79. Ke2 Rh8 80. Kf1 Ra1+ 81. Ke2 Re8+ 82. Kd3 Rd1+ 83. Kc3
Rc8+ 84. Kb2 Rxc2+ 85. Kxc2 Rd5 86. Rf6 Rxg5 87. Kd3 Rg4 88. Ke3 g5 89. Rg6 Kg2
90. Rg7 Rg3+ $2 (90... Kh3 91. Rh7+ Rh4 92. Rg7 g4 $19) 91. Ke4 g4 92. Rg5
1/2-1/2

[Event "POL-chT 66th"]
[Site "Katowice"]
[Date "2010.09.04"]
[Round "1"]
[White "Luch, Michal"]
[Black "Bartel, Mateusz"]
[Result "0-1"]
[WhiteElo "2385"]
[BlackElo "2599"]
[Annotator "RR"]
[PlyCount "90"]
[EventDate "2010.09.04"]
[EventType "team-tourn"]
[EventRounds "9"]
[EventCountry "POL"]
[SourceTitle "EXT 2016"]
[Source "ChessBase"]
[SourceDate "2015.10.08"]
[SourceVersion "1"]
[SourceVersionDate "2015.10.08"]
[SourceQuality "1"]
[WhiteTeam "Wroclaw AZS WSB"]
[BlackTeam "Wroclaw Polonia"]
[WhiteTeamCountry "POL"]
[BlackTeamCountry "POL"]

1. e4 d6 2. d4 Nf6 3. Nc3 g6 4. Be3 a6 5. Qd2 (5. h3) (5. a4) 5... b5 6. f3
Nbd7 (6... b4 7. Nd1 a5 8. a3 bxa3 9. Rxa3 c6 10. Bd3 Bg7 11. Ne2 O-O 12. Bh6
Nbd7 13. Bxg7 Kxg7 14. O-O c5 15. c3 cxd4 16. cxd4 Ba6 17. Rxa5 Bxd3 18. Rxa8
Qxa8 19. Qxd3 Rb8 20. Nec3 Rb4 21. Kh1 Qa7 22. d5 Ne5 23. Qe2 Qd4 24. Ne3 Qd3
25. Qf2 Qa6 26. Rd1 Nfd7 27. Rd2 Nc5 28. h3 Qa1+ 29. Ncd1 Ncd3 30. Qe2 Nf4 31.
Qf1 Qa5 32. Rc2 Qb6 33. g3 Nh5 34. Kg2 Nf6 35. Qe2 h5 36. Nc4 {Fressinet,L 
(2717)-Nepomniachtchi,I (2730) Dubai 2014 1/2-1/2 (69)}) 7. a4 b4 8. Na2 a5 9.
c3 bxc3 $146 (9... c5 10. Bb5 bxc3 11. Nxc3 cxd4 12. Bxd4 Bg7 13. Nge2 O-O 14.
O-O Bb7 15. Rad1 Qc7 16. Qe1 Rfd8 17. Ng3 Nc5 18. Qf2 Rac8 19. Kh1 e5 20. Be3
d5 21. exd5 Nxd5 22. Nxd5 Rxd5 23. Rc1 Qe7 24. Ne2 Nd3 25. Rxc8+ Bxc8 26. Bxd3
Rxd3 27. Nc3 Ba6 28. Re1 Bf8 29. Ne4 f6 30. Bc5 Qe6 31. Bxf8 Kxf8 32. Nc5 Qc4
33. Nxd3 Qxd3 34. Qc5+ Kf7 35. Qxa5 h5 36. Qc7+ Ke6 37. Rc1 Qe2 38. Qc6+ Ke7
39. b4 {Scheckenbach,F (2184)-Pauli,A (2209) Germany 2009 1-0}) 10. Qxc3 {
[%cal Gb2b4]} (10. Nxc3 $142 {Plus naturel mais les Blancs garder le Na2 pour
soutenir la poussée b4}) 10... Bg7 11. Bb5 O-O 12. Bc6 Ra7 13. b4 Nb8 14. b5
Nfd7 15. Nc1 (15. Ne2 Nb6 16. Qc2 Nxc6 17. bxc6) 15... Nb6 16. Nge2 Nxc6 17.
Qxc6 Bb7 18. Qc2 d5 19. e5 Nc4 $132 20. Bf2 c6 21. bxc6 Bxc6 22. Nd3 Rb7 23.
O-O Qa8 24. Nc3 e6 25. Nd1 (25. Rfb1) 25... Rc8 26. Re1 Be8 27. Nc5 Rxc5 $1 28.
dxc5 Nxe5 $44 29. Ra2 Rb4 30. Nb2 Qb7 31. Nd3 Rc4 $36 32. Qd2 Nxd3 33. Qxd3
Bxa4 34. Rb1 Qc7 35. Qa3 Bc3 (35... Bc2 36. Rb5 Ra4 $19) 36. Rc1 Qe5 37. h3 d4
38. Qxa4 Rxa4 39. Rxa4 d3 40. Re4 d2 41. Rd1 Qd5 42. Re2 Qd3 43. Kf1 a4 44. Be3
a3 45. c6 Qc2 0-1

[Event "POL-chT 66th"]
[Site "Katowice"]
[Date "2010.09.07"]
[Round "4"]
[White "Luch, Michal"]
[Black "Dziuba, Marcin"]
[Result "1/2-1/2"]
[WhiteElo "2385"]
[BlackElo "2579"]
[Annotator "RR"]
[PlyCount "61"]
[EventDate "2010.09.04"]
[EventType "team-tourn"]
[EventRounds "9"]
[EventCountry "POL"]
[SourceTitle "EXT 2016"]
[Source "ChessBase"]
[SourceDate "2015.10.08"]
[SourceVersion "1"]
[SourceVersionDate "2015.10.08"]
[SourceQuality "1"]
[WhiteTeam "Wroclaw AZS WSB"]
[BlackTeam "Lublin"]
[WhiteTeamCountry "POL"]
[BlackTeamCountry "POL"]

1. e4 c5 2. c3 d6 3. d4 Nf6 4. Bd3 g6 (4... e5) 5. h3 Bg7 6. Nf3 O-O 7. O-O Nc6
8. dxc5 (8. Bc2 {La grande ligne} cxd4 9. cxd4) 8... dxc5 9. Qe2 {[%cal Gf1d1]}
(9. a4 Qc7 10. Na3 a6 11. Qe2 Nh5 12. Re1 Rd8 13. Nc4 Be6 14. a5 Nf4 15. Bxf4
Qxf4 16. Nb6 Rab8 17. Bc4 Bxc4 18. Nxc4 Ne5 19. Nfxe5 Bxe5 20. g3 Qf6 21. Qe3
Qe6 22. Qxc5 Bxg3 23. fxg3 Rbc8 24. Qe5 Qxc4 25. Qxe7 Qb5 26. Rf1 Rd7 27. Qf6
Qxb2 28. Rad1 Qb5 29. Rd5 Qa4 30. c4 Rcc7 31. Qd4 Qc6 32. e5 Qe6 33. Kg2 Rxc4
34. Rxd7 Rxd4 35. Rxd4 Qxe5 36. Ra4 Qd5+ 37. Rf3 h5 38. h4 Kg7 {Karjakin,S 
(2760)-Svidler,P (2722) Moscow 2010 1/2-1/2}) 9... Qc7 10. Re1 (10. e5 Nd5 11.
Re1 Rd8) 10... Nd7 11. Nbd2 a6 $146 (11... Nde5 12. Bc2 Rd8 13. Nxe5 Nxe5 14.
f4 Nc6 15. Nf3 b6 16. e5 h6 17. Qf2 e6 18. Nd2 Ba6 19. Qf3 Ne7 20. Ne4 Bb7 21.
Be3 Nf5 22. Bf2 Rd2 23. Re2 Rad8 24. Be1 Rxe2 25. Qxe2 c4 26. Bf2 Qc6 27. Rd1
Rd5 28. Rxd5 Qxd5 29. Qd2 Kf8 30. a4 h5 31. a5 Bh6 32. axb6 axb6 33. Bxb6 h4
34. Bc5+ Kg7 35. Qxd5 Bxd5 36. Nf6 Bc6 37. Bxf5 gxf5 38. Kf2 Kg6 39. g3 hxg3+
40. Kxg3 Bg7 41. Ng8 {Nyysti,S (2360)-Hartikainen,M (2313) Mantta 2013 1/2-1/2
(67)}) 12. a4 Rb8 13. Nf1 (13. Nc4 b5 14. Ne3 {[%cal Ge3d5]}) 13... e6 14. Bg5
Nde5 15. Bf4 Nxf3+ 16. Qxf3 Be5 $132 17. Bh6 Bg7 18. Bf4 e5 $5 19. Bh2 $6 {
[%csl Rh2]} (19. Be3 $142) 19... Be6 $11 20. Ne3 Na5 21. Nd5 Bxd5 22. exd5 c4
23. Bf1 Rbd8 24. Rad1 Rfe8 25. g4 f6 26. Qe4 b5 27. axb5 axb5 28. f4 Nb7 29.
fxe5 fxe5 30. Kh1 Nd6 31. Qe3 1/2-1/2

[Event "POL-chT 66th"]
[Site "Katowice"]
[Date "2010.09.07"]
[Round "4"]
[White "Kuczynski, Robert"]
[Black "Pakleza, Zbigniew"]
[Result "1/2-1/2"]
[WhiteElo "2511"]
[BlackElo "2509"]
[Annotator "RR"]
[PlyCount "54"]
[EventDate "2010.09.04"]
[EventType "team-tourn"]
[EventRounds "9"]
[EventCountry "POL"]
[SourceTitle "EXT 2016"]
[Source "ChessBase"]
[SourceDate "2015.10.08"]
[SourceVersion "1"]
[SourceVersionDate "2015.10.08"]
[SourceQuality "1"]
[WhiteTeam "Wroclaw AZS WSB"]
[BlackTeam "Lublin"]
[WhiteTeamCountry "POL"]
[BlackTeamCountry "POL"]

1. e4 d6 2. d4 Nf6 3. Nc3 c6 4. g3 b5 5. Bg2 b4 (5... Bb7 6. e5 dxe5 7. dxe5
Qxd1+ 8. Nxd1 Nd5 9. e6 fxe6 10. b3 Nd7 11. Bb2 e5 12. Nf3 e6 13. Nxe5 Bb4+ 14.
Ke2 Nxe5 15. Bxe5 O-O 16. a3 Ba5 17. Ne3 c5 18. c4 bxc4 19. Nxc4 Bc3 20. Rac1
Bxe5 21. Nxe5 Rf5 22. Nd7 Ba6+ 23. Ke1 Rd8 24. Nxc5 Re5+ 25. Be4 Nf6 26. f3 Rc8
27. b4 Nxe4 28. fxe4 Rxe4+ 29. Kd2 Rd8+ 30. Kc2 Re2+ 31. Kb1 Rdd2 32. Rce1 Rb2+
33. Ka1 Ra2+ 34. Kb1 Reb2+ 35. Kc1 {Safarli,E (2649)-Mamedyarov,S (2743) Dubai
2014 0-1}) 6. Nb1 $146 (6. Nce2 e5 7. dxe5 dxe5 8. Qxd8+ Kxd8 9. Bg5 Kc7 10.
O-O-O Bc5 11. f3 h6 12. Bxf6 gxf6 13. Bh3 Ba6 14. Kb1 Rd8 15. Rxd8 Kxd8 16. Nc1
Nd7 17. Nge2 Nf8 18. Nd3 Bd6 19. Rd1 Ke7 20. Nec1 c5 21. Ne1 c4 22. Ng2 Ne6 23.
Ne3 Bc5 24. Nd5+ Kf8 25. Bxe6 Rb8 26. Bf5 Kg7 27. Bh3 h5 28. Bf1 h4 29. Nc7 Bc8
30. Bxc4 h3 31. Ne8+ Kg6 32. Nd6 Be6 33. Nb3 Bf2 34. Bxe6 fxe6 35. Nc4 Rc8 {
Fridman,D (2645)-Pakleza,Z (2495) Warsaw 2010 1-0}) 6... e5 7. dxe5 dxe5 8.
Qxd8+ Kxd8 9. Nf3 (9. Ne2 $5 {[%cal Gf2f4,Gg2e4]}) 9... Nbd7 10. O-O Bc5 11. a3
bxa3 12. Nxa3 Ba6 13. Rd1 Kc7 14. Nb1 Be2 $132 15. Re1 Bxf3 16. Bxf3 h5 17. Be3
Rhb8 18. b3 Bxe3 19. Rxe3 h4 $11 20. Nd2 hxg3 21. hxg3 a5 22. Rc3 Rb4 23. Rc4
Nb6 24. Rc5 Rb5 25. Rc3 Rb4 26. Rc5 Rb5 27. Rc3 Rb4 1/2-1/2

[Event "POL-chT 66th"]
[Site "Katowice"]
[Date "2010.09.11"]
[Round "8"]
[White "Kosiorek, Marek"]
[Black "Pakleza, Zbigniew"]
[Result "1/2-1/2"]
[WhiteElo "2359"]
[BlackElo "2509"]
[Annotator "RR"]
[PlyCount "42"]
[EventDate "2010.09.04"]
[EventType "team-tourn"]
[EventRounds "9"]
[EventCountry "POL"]
[SourceTitle "EXT 2016"]
[Source "ChessBase"]
[SourceDate "2015.10.08"]
[SourceVersion "1"]
[SourceVersionDate "2015.10.08"]
[SourceQuality "1"]
[WhiteTeam "Szkola Grudziadz"]
[BlackTeam "Lublin"]
[WhiteTeamCountry "POL"]
[BlackTeamCountry "POL"]

1. d4 d6 2. e4 Nf6 3. Bd3 e5 4. c3 d5 (4... Nc6) 5. dxe5 dxe4 (5... Nxe4 6. Nf3
Nc6 7. Nbd2 Nc5) 6. Qa4+ (6. Bb5+ Bd7 7. Bc4 Ng4 8. Bxf7+ Kxf7 9. e6+ Kxe6 10.
Qxg4+ Kf7 11. Qh5+ g6 12. Qd5+ Kg7 13. Bg5 $36 {Christiansen,L (2620)-Rivas
Pastor,M (2515) Las Palmas 1993 (6) 1/2}) 6... Bd7 7. Bb5 Ng4 $146 (7... Nd5 8.
Bxd7+ Nxd7 9. Qxe4 {Petrosian,T-Goltsman URS Soviet Union 1964 0-1}) 8. e6 $1
fxe6 9. Bxd7+ Qxd7 10. Qxe4 Qd1+ $1 {La pointe qui sauve probablement la nulle
pour les Noirs} 11. Kxd1 Nxf2+ 12. Kc2 Nxe4 13. Nf3 Nd7 14. Re1 Ndf6 15. Nbd2
Nxd2 16. Bxd2 Bd6 17. Rxe6+ Kd7 18. Rae1 Rae8 (18... Rhe8) 19. Rxe8 Rxe8 20.
Rxe8 Kxe8 21. Be3 a6 1/2-1/2

[Event "POL-chT 66th"]
[Site "Katowice"]
[Date "2010.09.12"]
[Round "9"]
[White "Cyborowski, Lukasz"]
[Black "Lagowski, Patryk"]
[Result "1-0"]
[WhiteElo "2531"]
[BlackElo "2322"]
[Annotator "RR"]
[PlyCount "67"]
[EventDate "2010.09.04"]
[EventType "team-tourn"]
[EventRounds "9"]
[EventCountry "POL"]
[SourceTitle "EXT 2016"]
[Source "ChessBase"]
[SourceDate "2015.10.08"]
[SourceVersion "1"]
[SourceVersionDate "2015.10.08"]
[SourceQuality "1"]
[WhiteTeam "Dankowice"]
[BlackTeam "Szkola Grudziadz"]
[WhiteTeamCountry "POL"]
[BlackTeamCountry "POL"]

1. Nf3 g6 2. d4 Bg7 3. e4 d6 4. h3 Nf6 5. Bd3 O-O 6. O-O Nc6 7. c3 e5 8. Re1
Re8 9. d5 (9. Na3) (9. Nbd2) 9... Ne7 10. c4 h6 11. Nc3 g5 (11... Nh7 12. Bd2
Kh8 13. b4 Rf8 14. Qc1 Ng8 15. Bf1 f5 16. exf5 gxf5 17. g3 Qf6 18. Bg2 Bd7 19.
c5 Ne7 20. Nh4 Ng5 21. f4 Nf7 22. c6 bxc6 23. dxc6 Be6 24. Nb5 Rfc8 25. fxe5
dxe5 26. Qc5 Bf8 27. Qf2 Ng6 28. Nxg6+ Qxg6 29. Bc3 a6 30. Na3 Bd6 31. Rad1 Rg8
32. Kh2 Rg7 33. Bd5 Rag8 34. Nc4 Bxd5 35. Rxd5 f4 36. g4 Qe6 37. Qf3 Ng5 38.
Qd3 Nxh3 39. Nxe5 f3 40. Rxd6 Qxd6 41. Kxh3 {Timofeev,A (2597)-Rozum,I (2553)
Samara 2014 1-0}) 12. Nh2 (12. h4 g4 13. Nh2 c6 14. g3 h5 15. Bg5 Nh7 16. Qd2
Rf8 17. dxc6 bxc6 18. Rad1 Be6 19. Be2 Qc7 20. Qxd6 Qxd6 21. Rxd6 Nxg5 22. hxg5
Rfd8 23. Red1 Rxd6 24. Rxd6 Bf8 25. f3 gxf3 26. Nxf3 Bg4 27. Nh4 Nd5 28. Rxc6
Nxc3 29. Bxg4 Nxe4 30. Bxh5 Rd8 31. g6 fxg6 32. Bxg6 Ng5 33. Bh5 Ne4 34. Bf3
Bc5+ 35. Kh2 Rd2+ 36. Ng2 Ng5 37. Rg6+ {1-0 (37) Iovcov,V (2368)-Mamedov,R 
(2650) Jerusalem 2015}) 12... Ng6 13. Be2 Nf4 14. Bf3 (14. Bf1) 14... a5 15.
Ng4 Nd7 16. Ne3 Nc5 17. Bg4 $1 {[%csl Gf5]} a4 18. Qf3 {[%cal Gg2g3]} Ra6 19.
g3 $14 Ng6 20. Bxc8 Qxc8 21. Qh5 (21. Kg2) 21... a3 22. Nf5 (22. b3) 22... Nd3
23. Re2 Nxc1 24. Rxc1 axb2 25. Rxb2 Kh7 26. Nd1 $1 $36 {[%cal Gd1e3,Ge3f5,
Ge3g4]} Ne7 27. Nde3 Nxf5 28. Nxf5 Rf8 29. h4 f6 30. c5 dxc5 31. Rxc5 b6 32.
Rc6 b5 33. hxg5 Rxc6 34. g6+ 1-0

[Event "POL-chT 66th"]
[Site "Katowice"]
[Date "2010.09.05"]
[Round "2"]
[White "Chojnacki, Krzysztof"]
[Black "Pakleza, Zbigniew"]
[Result "1/2-1/2"]
[WhiteElo "2431"]
[BlackElo "2509"]
[Annotator "RR"]
[PlyCount "64"]
[EventDate "2010.09.04"]
[EventType "team-tourn"]
[EventRounds "9"]
[EventCountry "POL"]
[SourceTitle "EXT 2016"]
[Source "ChessBase"]
[SourceDate "2015.10.08"]
[SourceVersion "1"]
[SourceVersionDate "2015.10.08"]
[SourceQuality "1"]
[WhiteTeam "Poznan Pocztowiec"]
[BlackTeam "Lublin"]
[WhiteTeamCountry "POL"]
[BlackTeamCountry "POL"]

1. e4 d6 2. d4 Nf6 3. Bd3 e5 4. c3 Nbd7 5. Nf3 Be7 6. O-O O-O 7. Re1 c6 8. a4
Qc7 (8... a5 9. Na3 Qc7 10. Nc4 Re8 11. b3 b6 12. Ne3 Nf8 13. Nf5 Bxf5 14. exf5
exd4 15. cxd4 d5 16. Ne5 Bd6 17. Bb2 N8d7 18. f4 Ne4 19. Qc2 Ndf6 20. Rac1 c5
21. g4 Bxe5 22. dxe5 Nxg4 23. Qg2 Nh6 24. Rxe4 dxe4 25. Bxe4 Rad8 26. Kh1 Kh8
27. Rg1 Rg8 28. Qh3 Rd2 29. Bc3 Re2 30. Qf3 Rxe4 31. Qxe4 Qc8 32. e6 f6 33. Rd1
Ng4 34. Qf3 Nh6 35. Qe4 Ng4 36. Rd2 h5 37. h3 {1-0 (37) Fridman,D (2645)
-Halkias,S (2578) Warsaw 2010}) 9. Nbd2 g6 (9... Re8 10. b3 Nf8 11. Ba3 Ng6 12.
g3 Bg4 13. Qc2 Rad8 14. Bf1 d5 15. Nxe5 Bxa3 16. Nxg4 Nxg4 17. Rxa3 c5 18. Ra2
dxe4 19. Rxe4 Rxe4 20. Nxe4 cxd4 21. cxd4 Qxc2 22. Rxc2 Rxd4 23. Rc8+ Nf8 24.
f3 Ne5 25. Be2 Rb4 26. Nd2 Rd4 27. Nc4 Nc6 28. Kf2 g6 29. Ke3 Rd7 30. f4 Kg7
31. Bf3 Ne7 32. Ra8 Nf5+ 33. Kf2 b6 34. Bg4 Ne6 35. Bxf5 gxf5 36. Ne5 Rc7 37.
b4 Nd4 38. b5 f6 39. Nd3 {Zhu,C (2461)-Drozdova,D (2258) Khanty-Mansiysk 2014
1/2-1/2}) 10. Nf1 Nh5 11. Bh6 Re8 12. Bc4 Nf8 $11 13. Ng5 Ne6 14. Nxe6 Bxe6 15.
Bxe6 fxe6 16. Ng3 Nxg3 17. hxg3 exd4 18. Qxd4 (18. cxd4 e5) 18... Bf8 19. Bxf8
Rxf8 20. Rad1 d5 21. exd5 exd5 22. c4 dxc4 23. Qxc4+ Qf7 24. Qxf7+ Rxf7 25. Rd6
Kf8 26. a5 a6 27. f4 Re8 28. Rxe8+ Kxe8 29. Kf2 Rf5 30. b4 Ke7 31. Rd4 h5 32.
g4 hxg4 1/2-1/2

[Event "Tata Steel-B 79th"]
[Site "Wijk aan Zee"]
[Date "2017.01.24"]
[Round "9"]
[White "Van Foreest, Jorden"]
[Black "Smirin, Ilia"]
[Result "0-1"]
[WhiteElo "2612"]
[BlackElo "2667"]
[Annotator "Ramirez Alvarez,A"]
[PlyCount "110"]
[EventDate "2017.01.14"]
[EventType "tourn"]
[EventRounds "13"]
[EventCountry "NED"]
[EventCategory "14"]
[SourceTitle "CBM 177"]
[Source "ChessBase"]
[SourceDate "2017.03.16"]
[SourceVersion "1"]
[SourceVersionDate "2017.03.16"]
[SourceQuality "1"]
[TimeControl "40/6000+30:20/3000+30:900+30"]

1. d4 {[%emt 0:00:00]} g6 {[%emt 0:00:16]} 2. e4 {[%emt 0:00:00]} Bg7 {[%emt 0:
00:05]} 3. Nc3 {[%emt 0:00:32]} d6 {[%emt 0:00:20]} 4. Be3 {[%emt 0:00:09]} a6
{[%emt 0:01:01]} 5. h4 {[%emt 0:00:04]} Nf6 {[%emt 0:03:38]} 6. f3 {[%emt 0:01:
28]} b5 {[%emt 0:02:41]} 7. Qd2 {[%emt 0:00:26]} h5 {[%emt 0:05:18]} 8. Nh3 {
[%emt 0:00:21]} Nbd7 {[%emt 0:00:20]} 9. O-O-O {[%emt 0:02:43]} Nb6 {[%emt 0:
03:52]} 10. a3 {[%emt 0:01:35]} c6 {[%emt 0:03:11]} 11. Ng5 {[%emt 0:07:16]}
O-O $146 {[%emt 0:06:06]} (11... d5 12. e5 Nh7 13. Nh3 Nf8 14. Nf2 Nc4 15. Bxc4
bxc4 16. Ne2 Rb8 17. g4 Qb6 18. c3 Ne6 19. Nf4 Bh6 20. Ng2 Bf8 21. Nf4 Nd8 22.
Qc2 Be6 23. Rde1 Bh6 24. Ng2 Bxe3+ 25. Nxe3 c5 26. Rd1 cxd4 27. cxd4 Nc6 28.
Qc3 Qa7 29. b4 a5 30. Nc2 axb4 31. axb4 Nxe5 32. dxe5 Qxf2 33. Qe3 Qxe3+ 34.
Nxe3 Rxb4 35. Nxd5 Bxd5 36. Rxd5 e6 37. Rc5 Kf8 38. Kc2 Kg7 39. Kc3 Rb3+ 40.
Kd2 Rxf3 41. Rxc4 {Rodshtein,T (2207)-Melkumyan,H (2653) Douglas 2016 0-1}) 12.
g4 {[%emt 0:04:04]} hxg4 {[%emt 0:06:33]} 13. h5 {[%emt 0:03:29]} Nxh5 {
[%emt 0:04:22]} 14. fxg4 {[%emt 0:02:27]} Bxg4 {[%emt 0:01:33]} 15. Be2 {
[%emt 0:00:13]} Nc4 {[%emt 0:06:52]} 16. Bxc4 {[%emt 0:00:22]} bxc4 {[%emt 0:
00:08]} 17. Rdg1 {[%emt 0:00:05]} Qd7 {[%emt 0:04:49]} 18. Qg2 {[%emt 0:01:51]}
f5 {[%emt 0:07:37]} 19. exf5 {[%emt 0:01:40]} Bxf5 {[%emt 0:15:22]} 20. Nf3 {
[%emt 0:08:54]} Qe6 {[%emt 0:07:31]} 21. Bd2 {[%emt 0:00:43] It seems that
White has excellent winning chances: He is down two pawns, but the threats on
the kingside seem to be insurmountable. Smirin turns that on its head.} Be4 {
[%emt 0:02:44]} 22. Nxe4 {[%emt 0:02:12]} Qxe4 {[%emt 0:00:09]} 23. Rxh5 {
[%emt 0:13:09]} Rxf3 {[%emt 0:00:31]} 24. Rg5 {[%emt 0:00:18]} Raf8 $1 {
[%emt 0:03:19] It was mandatory to have found this move before embarking on
Be4. It seems that Rxg6 is decisive, but Black has an ace up his sleeve.} 25.
Rxg6 {[%emt 0:01:23]} Rf1+ {[%emt 0:00:33]} 26. Rxf1 {[%emt 0:00:05]} Rxf1+ {
[%emt 0:00:09]} 27. Qxf1 {[%emt 0:00:02]} Qxg6 {[%emt 0:00:06]} 28. Qxc4+ {
[%emt 0:00:03]} d5 {[%emt 0:00:18]} 29. Qf1 {[%emt 0:00:02]} Bxd4 {[%emt 0:00:
44]} 30. Bc3 {[%emt 0:16:35]} Qg1 {[%emt 0:02:10]} 31. Qxg1+ {[%emt 0:00:09]}
Bxg1 {[%emt 0:00:02]} 32. Kd2 {[%emt 0:01:12]} Kf7 {[%emt 0:00:51]} 33. Kd3 {
[%emt 0:01:20]} Ke6 {[%emt 0:01:12]} 34. Bb4 {[%emt 0:04:41]} Kf6 {[%emt 0:07:
13]} 35. a4 {[%emt 0:08:52]} e5 {[%emt 0:01:44]} 36. Bf8 {[%emt 0:00:08]} e4+ {
[%emt 0:00:31]} 37. Ke2 {[%emt 0:00:56]} d4 {[%emt 0:02:44]} 38. Bd6 {[%emt 0:
00:56]} Be3 {[%emt 0:06:09]} 39. c3 {[%emt 0:03:40]} Bc1 {[%emt 0:00:06]} 40.
cxd4 {[%emt 0:00:00]} Bxb2 {[%emt 0:00:05]} 41. Ke3 {[%emt 0:04:43]} Ke6 {
[%emt 0:00:22]} 42. Bc5 {[%emt 0:00:15]} Kd5 {[%emt 0:00:03]} 43. Bb6 {[%emt 0:
01:24]} Bc1+ {[%emt 0:00:12]} 44. Ke2 {[%emt 0:00:04]} Kc4 {[%emt 0:00:05]} 45.
a5 {[%emt 0:00:37]} e3 {[%emt 0:04:39]} 46. Ba7 {[%emt 0:03:28]} Bd2 {[%emt 0:
01:07]} 47. Bb6 {[%emt 0:05:50]} Kb5 {[%emt 0:01:05]} 48. d5 {[%emt 0:04:41]}
cxd5 {[%emt 0:01:02]} 49. Kd3 {[%emt 0:00:03]} Bxa5 {[%emt 0:02:38]} 50. Bxe3 {
[%emt 0:00:03]} Bb6 {[%emt 0:00:04]} 51. Bc1 {[%emt 0:00:07]} a5 {[%emt 0:00:
22]} 52. Bb2 {[%emt 0:01:02]} a4 {[%emt 0:00:13]} 53. Kc3 {[%emt 0:00:10]} d4+
{[%emt 0:00:56]} 54. Kd3 {[%emt 0:00:33]} Kb4 {[%emt 0:00:03]} 55. Bc1 {
[%emt 0:00:10]} Kb3 {[%emt 0:00:15]} 0-1